00458 2200193 4500001002100000005001500021008004100036020002200077035001900099041000600118082001000124090001600134100001700150245001700167260002100184300002400205650001200229990002300241INLIS00000000000637520241224113259241224||||||||| | ||| |||| ||  a978-979-534-756-9 0010-1224006375 a00 a574.8 a574.8 DER c0 aDerek Harvey00aCell Biology bPakar Rayac2008 a80 hlm.:ilus.;30 cm 0aBiology a05.17.01.01.04.001